| 000 | 01557cam a2200457 a 4500 | ||
|---|---|---|---|
| 001 | 22535 | ||
| 003 | SK-KTurca | ||
| 005 | 20260331160036.0 | ||
| 008 | 240226s2003 xo j 000 f slo | ||
| 015 | _aSNBA2003/11-04280 | ||
| 020 |
_a8010002437 _q(viaz.) |
||
| 035 | _aSNK000416052 | ||
| 035 | _aurn:nbn:sk:snk-amjdjp | ||
| 035 | _aurn:nbn:sk:snk-am002ou2 | ||
| 035 | _a35397D8C-CFC0-453C-9A21-0D5C9ABDC11D | ||
| 040 |
_aSNK _bslo _cSNK _eAACR2 |
||
| 041 | 1 |
_aslo _heng |
|
| 044 |
_axo _cSK |
||
| 072 | 7 |
_a821.111-3 _xAnglická próza, anglicky písaná _2konspekt |
|
| 080 |
_a821.111 (73)-3 _21981 |
||
| 080 |
_a821.111(73)-31 _21981 |
||
| 080 |
_a(0:82-312.4) _21981 |
||
| 080 |
_a(0:82-311.3) _21981 |
||
| 100 | 1 |
_aArden, William, _d1924-2005 _4aut |
|
| 240 | 1 | 4 |
_aThe three investigators in the mystery of the moaning cave _lSlovensky |
| 245 | 1 | 0 |
_aZáhada stonajúcej jaskyne _cWilliam Arden, podľa postáv Roberta Arthura ; [z anglického originálu preložil Alojz Keníž] |
| 250 | _a1. vyd. | ||
| 260 |
_aBratislava _bMladé letá _c2003 |
||
| 300 |
_a108 s. _c21 cm |
||
| 490 | 1 |
_aTraja pátrači _v44 |
|
| 500 | _aVýslovnosť cudzích mien a názvov | ||
| 521 | 1 | _aPre čitateľov od 9 rokov | |
| 655 | 7 |
_aamerické romány _2SNKPH |
|
| 655 | 7 |
_adetektívne romány _2SNKPH |
|
| 655 | 7 |
_adobrodružné romány _2SNKPH |
|
| 655 | 7 |
_apublikácie pre deti a mládež _2SNKPH |
|
| 700 | 1 |
_aArthur, Robert, _d1909-1969 _4aut |
|
| 700 | 1 |
_aKeníž, Alojz, _d1952- _4trl |
|
| 830 | 0 | _aTraja pátrači | |
| 942 |
_2ddc _cKLDO _n0 |
||
| 999 |
_c22535 _d22535 |
||